| 000 | 00954cam a22002775a 4500 | ||
|---|---|---|---|
| 001 | 971135 | ||
| 005 | 20201124141915.0 | ||
| 008 | 851017t1986 enka frb 000 0 eng d | ||
| 020 | _a0566007266 (v. 2) | ||
| 020 | _a9780566007262 (v. 2) | ||
| 040 |
_aDLC _cDLC _dDLC _dOCoLC _dDLC _dEG-ScBUE _beng |
||
| 082 | 0 | 4 |
_a338.642 _222 _bSUR |
| 245 | 0 | 4 |
_aThe survival of the small firm / _cedited by James Curran, John Stanworth, David Watkins. |
| 260 |
_aAldershot ; _aBrookfield : _bGower, _cc.1986. |
||
| 300 |
_av. 2 : _bill. ; _c23 cm. |
||
| 504 | _aIncludes bibliographical references. | ||
| 505 | 1 | _av. 2. Employment, growth, technology, and politics. | |
| 650 | 7 |
_aSelf-employed. _2BUEsh |
|
| 650 | 7 |
_aSmall business _xEmployees. _2BUEsh |
|
| 651 | _2BUEsh | ||
| 653 |
_bBUSADM _cMay2018 |
||
| 700 | 1 |
_aCurran, James, _d1936- _eeditor. _937828 |
|
| 700 | 1 |
_aStanworth, John, _eeditor. _935011 |
|
| 700 | 1 |
_aWatkins, David, _d1947- _eeditor. |
|
| 942 | _2ddc | ||
| 999 |
_c26739 _d26711 |
||